Представление документа в формате MARC21

Поле Инд. ПП Название Значение
Тип записи a
Библиографический уровень m
001 Контрольный номер e4e67f7d-719e-4138-967d-f17ba1cadede
005 Дата корректировки 20140703132155.5
008 Кодируемые данные 050114
020 a ISBN 5-17-004585-9 (кн. 3)
c Цена, тираж 149.85
020 a ISBN 5-17-008962-7 (АСТ)
020 a ISBN 5-271-01305-7 (кн. 3.)
020 a ISBN 5-271-01033-3 (Астрель)
040 a Служба первич. каталог. НБ ТвГУ
041 a Код языка текста rus
080 a Индекс УДК 53(075.8)
084 a Индекс другой классификации/Индекс ББК В3я73-1
a Индекс другой классификации/Индекс ББК В36я73-1
a Индекс другой классификации/Индекс ББК В317я73-1
090 x Авторский знак С12
a Полочн. индекс В3
100 1_ a Автор Савельев Игорь Владимирович
245 10 a Заглавие Курс общей физики
n Номер части/ раздела Кн. 3
p Название части/ раздела Молекулярная физика и термодинамика
b Продолж. заглавия [учеб. пособие для втузов] : в 5 кн.
c Ответственность И. В. Савельев
260 0_ a Место издания Москва
b Издательство Астрель
c Дата издания 2003
b Издательство АСТ
300 a Объем 208 с.
b Иллюстрации/ тип воспроизводства ил.
504 a Библиография Предм. указ.: с.207-208.
583 a Действие Получение впервые 475 29.12.2004
k Исполнитель действия ОАО "БИБКОМ"
650 a Основная рубрика Физика
x Основная подрубрика Учебники для вузов
650 a Основная рубрика Молекулярная физика
650 a Основная рубрика Термодинамика
653 a Ключевые слова Физика
a Ключевые слова Общая физика
a Ключевые слова Молекулярная физика
a Ключевые слова Термодинамика
852 t Порядковый номер экземпляра 5
p Инвентарный номер 799619
p Инвентарный номер 799632
p Инвентарный номер 799631
p Инвентарный номер 799630
p Инвентарный номер 799629
863 t 00082310
863 t 00082300
863 t 00082299
863 t 00082298
863 t 00082297
888 a За счет средств университета
930 a Новая/Ретро учебники
952 p 475.2004 149.85 1 799619
p 475.2004 149.85 1 799629
p 475.2004 149.85 1 799630
p 475.2004 149.85 1 799631
p 475.2004 149.85 1 799632
c Вид литературы К ру
954 a Дата поступления на обработку 20050114
999 a Подразделение 2 Фил3